[Event "Titled Tuesday intern op 12th May"]
[Site "Chess.com INT"]
[Date "2020.05.12"]
[Round "7"]
[White "Lopez, Antonio"]
[Black "Skuhala, Jernej"]
[Result "0-1"]
[WhiteElo "2202"]
[BlackElo "2163"]
[PlyCount "142"]
[EventDate "2020.05.12"]
[EventType "swiss (blitz)"]
[EventRounds "10"]
[EventCountry "USA"]
[SourceTitle "EXT 2021"]
[Source "ChessBase"]
[SourceDate "2020.10.23"]
[SourceVersion "1"]
[SourceVersionDate "2020.10.23"]
[SourceQuality "1"]

1. e4 c6 2. d4 d5 3. e5 c5 4. dxc5 Nc6 5. f4 e6 6. Nf3 Bxc5 7. Bd3 Nge7 8. Qe2 Nb4 9. c3 Nxd3+ 10. Qxd3 0-0 11. Be3 Bxe3 12. Qxe3 Nf5 13. Qf2 b5 14. a3 a5 15. 0-0 Ba6 16. Rd1 Qc7 17. Nbd2 g6 18. Nb3 b4 19. axb4 axb4 20. cxb4 Bc4 21. Nbd4 Nxd4 22. Nxd4 Qb6 23. b3 Bb5 24. Rac1 Bd7 25. Qd2 Rfb8 26. Kf2 Ra3 27. Qc3 Rc8 28. Qb2 Rxc1 29. Rxc1 Qxb4 30. Qc3 Ra2+ 31. Kg3 Qxc3+ 32. Rxc3 Rd2 33. Nf3 Rb2 34. Nd4 Kg7 35. Rc2 Rb1 36. Kf2 Rd1 37. Ke3 h6 38. Rc7 Re1+ 39. Kd2 Re4 40. Kd3 Be8 41. Nxe6+ Kg8 42. Re7 Bb5+ 43. Kd2 fxe6 44. Rxe6 Rxf4 45. Rxg6+ Kf7 46. Rxh6 Rf2+ 47. Ke3 Rxg2 48. Kd4 Rd2+ 49. Kc5 Bf1 50. Rd6 Bg2 51. b4 Rc2+ 52. Kb6 Ke7 53. b5 Be4 54. h4 Rh2 55. Kc5 Rxh4 56. b6 Rh8 57. b7 d4 58. Rxd4 Bxb7 59. Rg4 Rc8+ 60. Kb6 Bd5 61. Rg6 Be6 62. Kb5 Rc1 63. Rg7+ Bf7 64. Rg3 Ke6 65. Kb4 Kxe5 66. Re3+ Kd4 67. Rg3 Rb1+ 68. Ka3 Bc4 69. Rg4+ Kc3 70. Rg3+ Bd3 71. Rh3 Ra1# 0-1

[Event "Titled Tuesday intern op 12th May"]
[Site "Chess.com INT"]
[Date "2020.05.12"]
[Round "1"]
[White "Zakaryan, David"]
[Black "Lopez, Antonio"]
[Result "0-1"]
[WhiteElo "2342"]
[BlackElo "2184"]
[PlyCount "182"]
[EventDate "2020.05.12"]
[EventType "swiss (blitz)"]
[EventRounds "10"]
[EventCountry "USA"]
[SourceTitle "EXT 2021"]
[Source "ChessBase"]
[SourceDate "2020.10.23"]
[SourceVersion "1"]
[SourceVersionDate "2020.10.23"]
[SourceQuality "1"]

1. d4 Nf6 2. c4 g6 3. Nc3 Bg7 4. e4 d6 5. Nf3 0-0 6. h3 e5 7. d5 Nh5 8. g3 Qe8 9. Be2 f5 10. exf5 gxf5 11. Nh4 Nf6 12. Qc2 e4 13. Be3 Na6 14. a3 Nc5 15. Ng2 a5 16. 0-0-0 Bd7 17. Nf4 b6 18. Rdg1 Qe5 19. Rd1 a4 20. Kb1 Nb3 21. Nb5 Bxb5 22. cxb5 Rf7 23. Bc4 Nd7 24. Ne6 Ndc5 25. Nd4 Re8 26. Nxb3 axb3 27. Bxb3 Nd3 28. Rd2 Ra8 29. Ka2 Nb4+ 30. Kb1 Nxc2 31. Rxc2 Rxa3 32. Rc3 Ra5 33. Rd1 Rxb5 34. Kc2 Qxc3+ 35. bxc3 Be5 36. c4 Ra5 37. Bd2 Ra7 38. g4 f4 39. h4 e3 40. fxe3 fxe3 41. Bxe3 Bf4 42. Bd4 Be5 43. Be3 Rf3 44. Re1 Ra8 45. Kd3 Raf8 46. Bd1 Rg3 47. Ke4 Re8 48. Kf5 Bg7 49. Bf2 Rxe1 50. Bxe1 Rg1 51. Bd2 Rxd1 52. Bg5 Rd4 53. Ke6 Rxc4 54. Bd8 b5 55. g5 b4 56. h5 b3 57. h6 b2 58. hxg7 b1Q 59. Bf6 Qg6 60. Kd7 Rd4 61. Kc6 Rxd5 62. Kxc7 Kf7 63. Kc6 Qxg7 64. Kxd5 Qxf6 65. gxf6 Kxf6 66. Kxd6 Kf5 67. Kd5 Kf4 68. Kd4 h5 69. Kd3 Kf3 70. Kd2 h4 71. Ke1 Kg2 72. Ke2 h3 73. Ke3 h2 74. Ke2 h1Q 75. Ke3 Qf1 76. Ke4 Qf3+ 77. Ke5 Qg4 78. Kd5 Qf4 79. Kc5 Qe4 80. Kd6 Qf5 81. Kc6 Qe5 82. Kb6 Qd5 83. Kc7 Qe6 84. Kb7 Qd6 85. Ka8 Qd7 86. Kb8 Kf3 87. Ka8 Ke4 88. Kb8 Kd5 89. Ka8 Kc6 90. Kb8 Kb6 91. Ka8 Qc8# 0-1

[Event "Titled Tuesday intern op 28th Apr"]
[Site "Chess.com INT"]
[Date "2020.04.28"]
[Round "4"]
[White "Hoffmann, Asa"]
[Black "Lopez, Antonio"]
[Result "1-0"]
[WhiteElo "2185"]
[BlackElo "2135"]
[PlyCount "90"]
[EventDate "2020.04.28"]
[EventType "swiss (blitz)"]
[EventRounds "10"]
[EventCountry "USA"]
[SourceTitle "EXT 2021"]
[Source "ChessBase"]
[SourceDate "2020.10.23"]
[SourceVersion "1"]
[SourceVersionDate "2020.10.23"]
[SourceQuality "1"]

1. d4 Nf6 2. Bg5 g6 3. Nc3 Bg7 4. e4 d5 5. e5 Ne4 6. Nxe4 dxe4 7. c3 c5 8. Be3 Nc6 9. Bb5 cxd4 10. Bxc6+ bxc6 11. cxd4 0-0 12. Ne2 f5 13. 0-0 e6 14. Rc1 Bd7 15. g3 Rb8 16. Qd2 Qc8 17. b3 Qa6 18. Nc3 Rfd8 19. Na4 Bf8 20. Nc5 Bxc5 21. Rxc5 Be8 22. Bg5 Rd5 23. Rfc1 Rb5 24. Rxb5 Qxb5 25. Bf6 Qb7 26. Rc5 Rxc5 27. dxc5 Qd7 28. Qd6 Qxd6 29. exd6 e5 30. Bxe5 Kf7 31. Kf1 Ke6 32. Bd4 Kd5 33. Be3 a5 34. Ke2 a4 35. bxa4 Kc4 36. Kd2 Kb4 37. a5 Kxa5 38. Kc3 Kb5 39. Kd4 Bd7 40. Ke5 Kc4 41. Kf6 Kd3 42. Ke7 Bc8 43. d7 Bxd7 44. Kxd7 Ke2 45. Kxc6 Kf3 1-0

[Event "Titled Tuesday intern op 21st April"]
[Site "Chess.com INT"]
[Date "2020.04.21"]
[Round "1"]
[White "Kozlov, Gennady"]
[Black "Lopez, Antonio"]
[Result "1-0"]
[WhiteElo "2386"]
[BlackElo "2155"]
[PlyCount "95"]
[EventDate "2020.04.21"]
[EventType "swiss (blitz)"]
[EventRounds "10"]
[EventCountry "USA"]
[SourceTitle "EXT 2021"]
[Source "ChessBase"]
[SourceDate "2020.10.23"]
[SourceVersion "1"]
[SourceVersionDate "2020.10.23"]
[SourceQuality "1"]

1. b3 Nf6 2. Bb2 g6 3. e3 Bg7 4. f4 0-0 5. Nf3 d5 6. Be2 c5 7. 0-0 Nc6 8. Ne5 Qc7 9. Nxc6 Qxc6 10. Bf3 b6 11. a4 Bb7 12. Qe2 a6 13. d3 Rad8 14. Nd2 Qc8 15. g4 Qa8 16. Rae1 Ne8 17. Bxg7 Nxg7 18. Qg2 Rd7 19. e4 dxe4 20. Nxe4 Bxe4 21. Bxe4 Qb8 22. f5 Qd6 23. Bc6 Rc7 24. Bd5 b5 25. fxg6 hxg6 26. axb5 axb5 27. Ra1 e6 28. Be4 b4 29. Qf2 f5 30. gxf5 exf5 31. Bg2 Ne6 32. Ra5 Nd4 33. Rfa1 Re7 34. Ra6 Ne2+ 35. Kh1 Qf4 36. Rxg6+ Kh7 37. Qxf4 Nxf4 38. Rc6 Re2 39. Bd5 Nxd5 40. Ra7+ Re7 41. Raa6 Kg7 42. Rxc5 Rd8 43. Kg2 f4 44. Raa5 Ne3+ 45. Kf3 Rf7 46. Rab5 Kf8 47. Rxb4 Rd6 48. Rb8+ 1-0

[Event "Titled Tuesday intern op 7th April"]
[Site "Chess.com INT"]
[Date "2020.04.07"]
[Round "3"]
[White "Obad, Andrija"]
[Black "Lopez, Antonio"]
[Result "1-0"]
[WhiteElo "2279"]
[BlackElo "2163"]
[PlyCount "69"]
[EventDate "2020.04.07"]
[EventType "swiss (blitz)"]
[EventRounds "10"]
[EventCountry "USA"]
[SourceTitle "EXT 2021"]
[Source "ChessBase"]
[SourceDate "2020.10.23"]
[SourceVersion "1"]
[SourceVersionDate "2020.10.23"]
[SourceQuality "1"]

1. e4 c5 2. Nf3 e6 3. d4 cxd4 4. Nxd4 Nf6 5. Nc3 Nc6 6. Ndb5 d6 7. Bf4 e5 8. Bg5 a6 9. Na3 b5 10. Bxf6 gxf6 11. Nd5 Bg7 12. Bd3 Ne7 13. Nxe7 Qxe7 14. c4 f5 15. 0-0 0-0 16. Qh5 d5 17. cxd5 fxe4 18. Bxe4 f5 19. d6 Qa7 20. Bd5+ Kh8 21. Bxa8 Qxa8 22. Rad1 Bd7 23. Nc2 f4 24. f3 Rf5 25. Qh4 Bf6 26. Qf2 Rg5 27. Kh1 Bd8 28. Nb4 a5 29. Nd5 Bc6 30. Ne7 Bb7 31. Rfe1 Qa6 32. Qc5 Bb6 33. d7 Qa8 34. Qxb6 Bxf3 35. d8Q+ 1-0

[Event "CFriend WC-2004-F-00008"]
[Site "Chessfriend.com"]
[Date "2005.05.16"]
[Round "1"]
[White "Boettcher, Fred"]
[Black "Lopez, Antonio"]
[Result "1/2-1/2"]
[WhiteElo "2078"]
[BlackElo "2123"]
[PlyCount "64"]
[EventDate "2005.??.??"]
[EventType "tourn (corr)"]
[EventRounds "6"]
[SourceTitle "Corr 2008"]
[Source "ChessBase"]
[SourceDate "2008.06.24"]
[SourceVersion "1"]
[SourceVersionDate "2008.06.24"]
[SourceQuality "1"]

1. e4 c5 2. Nf3 d6 3. d4 cxd4 4. Nxd4 Nf6 5. Nc3 a6 6. Bc4 e6 7. Bb3 b5 8. 0-0 Be7 9. Qf3 Qb6 10. Be3 Qb7 11. Qg3 b4 12. Na4 Nbd7 13. f3 0-0 14. Rfd1 Ne5 15. a3 bxa3 16. Rxa3 Nh5 17. Qe1 d5 18. Raa1 dxe4 19. Qa5 Bf6 20. Nc5 Qb8 21. Nxe4 Bd8 22. Qc3 Be7 23. Nc6 Nxc6 24. Qxc6 Nf6 25. Nc5 a5 26. Kh1 e5 27. Bc4 Bf5 28. Na6 Qc8 29. Nc7 Bxc2 30. Rdc1 Bg6 31. Bd2 Rb8 32. Bxa5 Rxb2 1/2-1/2

[Event "CFriend WC-2004-F-00008"]
[Site "Chessfriend.com"]
[Date "2005.05.16"]
[Round "1"]
[White "Dorer, Manfred"]
[Black "Lopez, Antonio"]
[Result "1/2-1/2"]
[WhiteElo "2113"]
[BlackElo "2123"]
[PlyCount "86"]
[EventDate "2005.??.??"]
[EventType "tourn (corr)"]
[EventRounds "6"]
[SourceTitle "Corr 2008"]
[Source "ChessBase"]
[SourceDate "2008.06.24"]
[SourceVersion "1"]
[SourceVersionDate "2008.06.24"]
[SourceQuality "1"]

1. e4 c5 2. Nf3 d6 3. d4 cxd4 4. Nxd4 Nf6 5. Nc3 a6 6. f4 Qc7 7. Bd3 b5 8. 0-0 Nbd7 9. Nf3 b4 10. Ne2 Bb7 11. Ng3 h5 12. Qe2 h4 13. Nh1 Nc5 14. Nf2 h3 15. g4 e6 16. g5 Nfd7 17. Bd2 d5 18. exd5 Bxd5 19. Bc4 Nb6 20. Bxd5 Nxd5 21. f5 Bd6 22. Ne4 Be7 23. g6 fxg6 24. fxg6 Rc8 25. Kh1 Qd7 26. Nxc5 Rxc5 27. Rad1 Rxc2 28. Nd4 Qb7 29. Qe4 Rc4 30. Be1 e5 31. Rf5 Rf8 32. Rxf8+ Bxf8 33. Bg3 Rc7 34. Nf3 Ne7 35. Qxb7 Rxb7 36. Nxe5 b3 37. axb3 Rxb3 38. Rd2 Nf5 39. Nd3 Bb4 40. Nxb4 Rxb4 41. Bf2 Rb3 42. Rd5 Ne7 43. Ra5 Rxb2 1/2-1/2

[Event "CFriend WC-2004-F-00008"]
[Site "Chessfriend.com"]
[Date "2005.05.16"]
[Round "1"]
[White "Lopez, Antonio"]
[Black "Ventimiglia, Charles"]
[Result "1-0"]
[WhiteElo "2123"]
[BlackElo "2142"]
[PlyCount "57"]
[EventDate "2005.??.??"]
[EventType "tourn (corr)"]
[EventRounds "6"]
[SourceTitle "Corr 2008"]
[Source "ChessBase"]
[SourceDate "2008.06.24"]
[SourceVersion "1"]
[SourceVersionDate "2008.06.24"]
[SourceQuality "1"]

1. d4 e6 2. c4 Nf6 3. Nf3 c5 4. d5 exd5 5. cxd5 d6 6. Nc3 Be7 7. e4 0-0 8. Be2 Nbd7 9. 0-0 Ng4 10. Nd2 Nge5 11. f4 Ng6 12. a4 a6 13. Bd3 Re8 14. Qb3 b6 15. Nc4 Bf8 16. Re1 Qc7 17. Qd1 Rb8 18. e5 dxe5 19. f5 Nh8 20. d6 Qd8 21. Nd5 b5 22. axb5 axb5 23. Na5 Rb6 24. Nxb6 Qxb6 25. Kh1 c4 26. Be4 Nf6 27. Bc6 Bd7 28. Be3 Qd8 29. Bg5 1-0

[Event "CFriend WC-2004-F-00008"]
[Site "Chessfriend.com"]
[Date "2005.05.16"]
[Round "1"]
[White "Woelfelschneider, Peter"]
[Black "Lopez, Antonio"]
[Result "0-1"]
[WhiteElo "2047"]
[BlackElo "2123"]
[PlyCount "84"]
[EventDate "2005.??.??"]
[EventType "tourn (corr)"]
[EventRounds "6"]
[SourceTitle "Corr 2008"]
[Source "ChessBase"]
[SourceDate "2008.06.24"]
[SourceVersion "1"]
[SourceVersionDate "2008.06.24"]
[SourceQuality "1"]

1. e4 c5 2. Nf3 d6 3. d4 cxd4 4. Nxd4 Nf6 5. Nc3 a6 6. Be2 e6 7. 0-0 Be7 8. f4 0-0 9. Be3 Nc6 10. Qe1 Qc7 11. Qg3 Nxd4 12. Bxd4 b5 13. a3 Bb7 14. Kh1 Rfd8 15. Rae1 Ne8 16. Bd3 Bf8 17. Qf2 Rd7 18. e5 g6 19. Ne4 Bd5 20. Qh4 Qd8 21. Nf6+ Nxf6 22. exf6 Bc4 23. Rf3 Bxd3 24. Rxd3 Rc8 25. Rh3 h6 26. Be3 Rxc2 27. Bd4 Rdc7 28. Rd3 e5 29. Bc3 Qa8 30. Rg3 Rc4 31. Qh5 Rxf4 32. Rxg6+ Kh7 33. Rxh6+ Bxh6 34. Qxf7+ Kh8 35. Qg6 Rxg2 36. Qxg2 Qxg2+ 37. Kxg2 Rxf6 38. Rd1 Bf8 39. b3 Kg7 40. h4 Kf7 41. Bb4 Ke6 42. Rc1 e4 0-1

[Event "CFriend RH-2005-0-00025 email"]
[Site "Chessfriend.com"]
[Date "2005.05.02"]
[Round "1"]
[White "Lopez, Antonio"]
[Black "Rudolf, Michal"]
[Result "0-1"]
[WhiteElo "2123"]
[BlackElo "2251"]
[PlyCount "96"]
[EventDate "2005.05.02"]
[EventType "tourn (corr)"]
[EventRounds "6"]
[SourceTitle "Corr 2008"]
[Source "ChessBase"]
[SourceDate "2008.06.24"]
[SourceVersion "1"]
[SourceVersionDate "2008.06.24"]
[SourceQuality "1"]

1. d4 Nf6 2. c4 e6 3. Nf3 c5 4. d5 exd5 5. cxd5 d6 6. Nc3 g6 7. e4 Bg7 8. h3 0-0 9. Bd3 b5 10. Nxb5 Re8 11. 0-0 Nxe4 12. Re1 a6 13. Na3 Nf6 14. Rxe8+ Nxe8 15. Bg5 Qc7 16. Qa4 Nf6 17. Re1 Bb7 18. Bxf6 Bxf6 19. Qe8+ Kg7 20. Qe4 Nd7 21. Nc4 Nb6 22. Nxb6 Qxb6 23. b3 a5 24. Bc4 a4 25. Re3 Qd8 26. h4 axb3 27. Rxb3 Bc8 28. a3 Ra4 29. h5 Ba6 30. Nd2 Bd4 31. Qe2 Bxc4 32. Nxc4 Qg5 33. Nxd6 Qc1+ 34. Qf1 Bxf2+ 35. Kxf2 Qc2+ 36. Qe2 Qxb3 37. Qe5+ f6 38. Ne8+ Kh6 39. Nxf6 Qc2+ 40. Ke1 Qf5 41. Qe7 Qb1+ 42. Kf2 Qc2+ 43. Kg1 Qc1+ 44. Kf2 Qf4+ 45. Ke2 gxh5 46. g3 Qc4+ 47. Kf2 Qc2+ 48. Kg1 h4 0-1

[Event "CFriend RH-2005-0-00025 email"]
[Site "Chessfriend.com"]
[Date "2005.05.02"]
[Round "1"]
[White "Petrov, Milen Stoyanov"]
[Black "Lopez, Antonio"]
[Result "1/2-1/2"]
[WhiteElo "2321"]
[BlackElo "2123"]
[PlyCount "68"]
[EventDate "2005.05.02"]
[EventType "tourn (corr)"]
[EventRounds "6"]
[SourceTitle "Corr 2008"]
[Source "ChessBase"]
[SourceDate "2008.06.24"]
[SourceVersion "1"]
[SourceVersionDate "2008.06.24"]
[SourceQuality "1"]

1. e4 c5 2. Nf3 d6 3. d4 cxd4 4. Nxd4 Nf6 5. Nc3 a6 6. Be3 Ng4 7. Bc1 Nf6 8. f3 e6 9. Be3 b5 10. g4 h6 11. Qd2 Nbd7 12. 0-0-0 Bb7 13. h4 Nb6 14. Rg1 Nfd7 15. g5 hxg5 16. hxg5 b4 17. Nb1 d5 18. g6 Qf6 19. Qg2 e5 20. Nb3 d4 21. Bd2 a5 22. f4 exf4 23. e5 Bxg2 24. exf6 Bd5 25. Re1+ Kd8 26. Bxf4 Nxf6 27. Nxd4 Bc5 28. Rd1 Ke8 29. Rg5 fxg6 30. Nb5 Kf7 31. Nc7 Rad8 32. Bd3 Rh4 33. Bxg6+ Kg8 34. Ne6 Rc8 1/2-1/2

[Event "CFriend SH-2004-0-00027 email"]
[Site "Chessfriend.com"]
[Date "2004.12.15"]
[Round "1"]
[White "Daurelle, Herve"]
[Black "Lopez, Antonio"]
[Result "1-0"]
[WhiteElo "2272"]
[BlackElo "2123"]
[PlyCount "45"]
[EventDate "2004.??.??"]
[EventType "tourn (corr)"]
[EventRounds "8"]
[SourceTitle "Corr 2008"]
[Source "ChessBase"]
[SourceDate "2008.06.24"]
[SourceVersion "1"]
[SourceVersionDate "2008.06.24"]
[SourceQuality "1"]

1. e4 c5 2. Nf3 d6 3. d4 cxd4 4. Nxd4 Nf6 5. Nc3 a6 6. Bg5 e6 7. f4 Qb6 8. Qd2 Qxb2 9. Rb1 Qa3 10. f5 b5 11. fxe6 fxe6 12. Rb3 Qa5 13. Bxf6 gxf6 14. Be2 b4 15. 0-0 bxc3 16. Rxc3 Ke7 17. Rd1 Bb7 18. e5 Kd7 19. exd6 Bxd6 20. Nxe6 Qd5 21. Nc5+ Ke7 22. Re3+ Be5 23. Rxe5+ 1-0

[Event "CFriend SH-2004-0-00027 email"]
[Site "Chessfriend.com"]
[Date "2004.12.15"]
[Round "1"]
[White "Lopez, Antonio"]
[Black "Alonso, Rodolfo"]
[Result "1/2-1/2"]
[WhiteElo "2123"]
[BlackElo "2333"]
[PlyCount "43"]
[EventDate "2004.??.??"]
[EventType "tourn (corr)"]
[EventRounds "8"]
[SourceTitle "Corr 2008"]
[Source "ChessBase"]
[SourceDate "2008.06.24"]
[SourceVersion "1"]
[SourceVersionDate "2008.06.24"]
[SourceQuality "1"]

1. e4 e5 2. Nf3 Nf6 3. Nxe5 d6 4. Nf3 Nxe4 5. d4 d5 6. Bd3 Bd6 7. 0-0 0-0 8. c4 c6 9. Re1 Bg4 10. Bxe4 dxe4 11. Rxe4 f5 12. Re6 Bc7 13. Nbd2 Qxd4 14. Nxd4 Bxd1 15. b4 Bh5 16. Re7 Na6 17. Bb2 Rf7 18. Rae1 Bd6 19. Re8+ Rxe8 20. Rxe8+ Rf8 21. Rxf8+ Bxf8 22. a3 1/2-1/2

[Event "CFriend SH-2004-0-00027 email"]
[Site "Chessfriend.com"]
[Date "2004.12.15"]
[Round "1"]
[White "Lopez, Antonio"]
[Black "Speisser, Patrick"]
[Result "1-0"]
[WhiteElo "2123"]
[BlackElo "2084"]
[PlyCount "129"]
[EventDate "2004.??.??"]
[EventType "tourn (corr)"]
[EventRounds "8"]
[SourceTitle "Corr 2024"]
[Source "ChessBase"]
[SourceDate "2023.10.19"]
[SourceVersion "1"]
[SourceVersionDate "2023.10.19"]
[SourceQuality "1"]

1. d4 d5 2. c4 e6 3. Nc3 Nf6 4. cxd5 exd5 5. Bg5 c6 6. e3 Bd6 7. Bd3 h6 8. Bh4 0-0 9. Nf3 Re8 10. 0-0 Bg4 11. Qb3 b6 12. Qc2 Bxf3 13. gxf3 Be7 14. Rac1 Nh5 15. Bg3 Nxg3 16. hxg3 Qd6 17. Na4 Rc8 18. Bf5 Rd8 19. Kg2 Qf6 20. Bh7+ Kf8 21. Bd3 Qd6 22. Rh1 Re8 23. Rh5 Kg8 24. g4 Qd7 25. Rch1 Rd8 26. Nc3 a5 27. Bh7+ Kf8 28. Na4 Qb7 29. f4 Rd6 30. g5 Na6 31. gxh6 g6 32. R5h3 Bf6 33. f5 g5 34. Qe2 Re8 35. Rg3 Ke7 36. Bg6 fxg6 37. fxg6 b5 38. Nc5 Nxc5 39. dxc5 Re6 40. Qh5 Qc8 41. g7 Re5 42. Qg6 Rg8 43. Rh5 Qe6 44. Kf1 d4 45. Rhxg5 Rxg5 46. Rxg5 Qh3+ 47. Rg2 dxe3 48. fxe3 Qf3+ 49. Rf2 Qd1+ 50. Kg2 Qd5+ 51. Rf3 Qf7 52. Qxf7+ Kxf7 53. e4 Ke6 54. b3 b4 55. Rf5 Ke7 56. e5 Bxg7 57. Rg5 Bxh6 58. Rxg8 Bf4 59. Rg6 Kd7 60. e6+ Ke7 61. Kf3 Be5 62. Ke4 Bf6 63. Rxf6 Kxf6 64. e7 Kxe7 65. Ke5 1-0

[Event "CFriend SH-2004-0-00027 email"]
[Site "Chessfriend.com"]
[Date "2004.12.15"]
[Round "1"]
[White "Marez, Sebastien"]
[Black "Lopez, Antonio"]
[Result "1/2-1/2"]
[WhiteElo "2333"]
[BlackElo "2123"]
[PlyCount "84"]
[EventDate "2004.??.??"]
[EventType "tourn (corr)"]
[EventRounds "8"]
[SourceTitle "Corr 2008"]
[Source "ChessBase"]
[SourceDate "2008.06.24"]
[SourceVersion "1"]
[SourceVersionDate "2008.06.24"]
[SourceQuality "1"]

1. e4 c5 2. Nf3 d6 3. d4 cxd4 4. Nxd4 Nf6 5. Nc3 a6 6. Be3 e6 7. f3 b5 8. g4 h6 9. Qd2 Nbd7 10. 0-0-0 Bb7 11. h4 b4 12. Na4 Qa5 13. b3 Nc5 14. a3 Rc8 15. Qxb4 Qc7 16. Kb1 d5 17. Nxc5 Bxc5 18. Qa4+ Kf8 19. e5 Nd7 20. b4 Bxd4 21. Bxd4 Nxe5 22. Be2 Kg8 23. Qb3 Ng6 24. Bd3 Nf4 25. Rhe1 f6 26. g5 hxg5 27. hxg5 e5 28. Bb2 Kf7 29. Bf5 Qc4 30. Qe3 Rce8 31. Bd7 Ng2 32. Bxe8+ Rxe8 33. g6+ Ke6 34. Qa7 Nxe1 35. Rxe1 Re7 36. f4 e4 37. Qf2 Bc6 38. f5+ Kd7 39. Qg1 Ba4 40. Rc1 e3 41. Bxf6 gxf6 42. g7 Bxc2+ 1/2-1/2

[Event "CFriend SH-2004-0-00027 email"]
[Site "Chessfriend.com"]
[Date "2004.12.15"]
[Round "1"]
[White "Webb, Ronan"]
[Black "Lopez, Antonio"]
[Result "0-1"]
[WhiteElo "2074"]
[BlackElo "2123"]
[PlyCount "94"]
[EventDate "2004.??.??"]
[EventType "tourn (corr)"]
[EventRounds "8"]
[SourceTitle "Corr 2008"]
[Source "ChessBase"]
[SourceDate "2008.06.24"]
[SourceVersion "1"]
[SourceVersionDate "2008.06.24"]
[SourceQuality "1"]

1. d4 Nf6 2. Bg5 e6 3. Nc3 d5 4. Nf3 Be7 5. Bxf6 Bxf6 6. e4 c5 7. exd5 exd5 8. Bb5+ Nc6 9. 0-0 0-0 10. dxc5 Bxc3 11. bxc3 Bg4 12. Qd3 Qe7 13. Rab1 Rac8 14. Ba4 Na5 15. Rfe1 Be6 16. Rb5 a6 17. Rxa5 Qd8 18. c6 Qxa5 19. Ng5 g6 20. cxb7 Rc7 21. Qd4 Rxb7 22. Bc6 Rb2 23. Nxe6 fxe6 24. g3 Qb6 25. Rxe6 Qxd4 26. cxd4 Rd8 27. Ba4 Rxa2 28. Bb3 Ra1+ 29. Kg2 Kf8 30. Kf3 a5 31. Ra6 Ke7 32. h4 Rd6 33. Ra7+ Rd7 34. Ra6 Kd8 35. Kf4 Kc7 36. Ke5 Re1+ 37. Kf4 Ra1 38. Ke5 Kb7 39. Rd6 Rxd6 40. Kxd6 a4 41. Bxd5+ Kc8 42. Kc5 Rc1 43. Kb4 Rxc2 44. Bg8 Rxf2 45. Bxh7 a3 46. Kxa3 Rg2 47. Kb4 Rxg3 0-1

[Event "CFriend MZ-2004-1-00001 email"]
[Site "Chessfriend.com"]
[Date "2004.08.28"]
[Round "1"]
[White "Hrvacic, Pavle"]
[Black "Lopez, Antonio"]
[Result "1/2-1/2"]
[WhiteElo "2150"]
[BlackElo "2123"]
[PlyCount "53"]
[EventDate "2004.??.??"]
[EventType "tourn (corr)"]
[EventRounds "6"]
[SourceTitle "Corr 2024"]
[Source "ChessBase"]
[SourceDate "2023.10.19"]
[SourceVersion "1"]
[SourceVersionDate "2023.10.19"]
[SourceQuality "1"]

1. e4 c5 2. c3 Nf6 3. e5 Nd5 4. d4 e6 5. Nf3 cxd4 6. cxd4 d6 7. a3 Bd7 8. Bd3 Bc6 9. 0-0 Nd7 10. Qe2 dxe5 11. dxe5 Qc7 12. b4 a6 13. Re1 g6 14. g3 Bg7 15. Bb2 0-0 16. Nbd2 Rac8 17. Rac1 Qb8 18. Nb3 b5 19. Nfd2 Rfe8 20. f4 f5 21. Nd4 Ba8 22. N2f3 N7b6 23. Rxc8 Qxc8 24. Rc1 Qb8 25. Rc2 h6 26. Qf2 Qb7 27. h3 1/2-1/2

[Event "CFriend MZ-2004-1-00001 email"]
[Site "Chessfriend.com"]
[Date "2004.08.28"]
[Round "1"]
[White "Lopez, Antonio"]
[Black "Ingersol, Harry"]
[Result "0-1"]
[WhiteElo "2123"]
[BlackElo "2376"]
[PlyCount "84"]
[EventDate "2004.??.??"]
[EventType "tourn (corr)"]
[EventRounds "6"]
[SourceTitle "Corr 2024"]
[Source "ChessBase"]
[SourceDate "2023.10.19"]
[SourceVersion "1"]
[SourceVersionDate "2023.10.19"]
[SourceQuality "1"]

1. e4 c5 2. Nf3 Nc6 3. d4 cxd4 4. Nxd4 Nf6 5. Nc3 e5 6. Ndb5 d6 7. Bg5 a6 8. Na3 b5 9. Bxf6 gxf6 10. Nd5 f5 11. Bd3 Be6 12. 0-0 Bxd5 13. exd5 Ne7 14. c3 Bg7 15. Qh5 e4 16. Bc2 Qc8 17. Rad1 Qc5 18. Bb1 0-0 19. Kh1 b4 20. cxb4 Qxb4 21. f3 Rae8 22. Nc2 Qxb2 23. fxe4 fxe4 24. Ne3 Qb4 25. a3 Qxa3 26. Bxe4 Ng6 27. Nc4 Qc5 28. Bd3 a5 29. Rd2 a4 30. Qd1 Ra8 31. Rc2 a3 32. Nxa3 Qxa3 33. Rcf2 Qc3 34. g3 Qd4 35. Bb1 Qxd1 36. Rxd1 Ne5 37. Be4 Ng4 38. Re2 Rfe8 39. Rde1 Rxe4 40. Rxe4 Nf2+ 41. Kg2 Nxe4 42. Rxe4 Ra2+ 0-1

[Event "CFriend MZ-2004-1-00001 email"]
[Site "Chessfriend.com"]
[Date "2004.08.28"]
[Round "1"]
[White "Massimini Gerbino, Massimiliano"]
[Black "Lopez, Antonio"]
[Result "1/2-1/2"]
[WhiteElo "2369"]
[BlackElo "2123"]
[PlyCount "59"]
[EventDate "2004.??.??"]
[EventType "tourn (corr)"]
[EventRounds "6"]
[SourceTitle "Corr 2024"]
[Source "ChessBase"]
[SourceDate "2023.10.19"]
[SourceVersion "1"]
[SourceVersionDate "2023.10.19"]
[SourceQuality "1"]

1. d4 Nf6 2. c4 g6 3. Nc3 Bg7 4. Nf3 d5 5. Bg5 Ne4 6. Bh4 Nxc3 7. bxc3 dxc4 8. Qa4+ Qd7 9. Qxc4 b6 10. e3 Ba6 11. Qb3 Bxf1 12. Kxf1 0-0 13. Ke2 c5 14. Rhd1 cxd4 15. cxd4 Nc6 16. Rac1 Na5 17. Qa3 e6 18. Kf1 Rfc8 19. Kg1 Nc4 20. Qb3 b5 21. Bg3 a6 22. e4 h6 23. h3 Qb7 24. d5 Qd7 25. d6 e5 26. Rd5 Rc6 27. Rcd1 Re8 28. Nd2 Nb6 29. Nf3 Nc4 30. Nd2 1/2-1/2

[Event "CFriend SH-2004-0-00023 email"]
[Site "Chessfriend.com"]
[Date "2004.08.02"]
[Round "1"]
[White "Kresz, Laszlo"]
[Black "Lopez, Antonio"]
[Result "1/2-1/2"]
[WhiteElo "2207"]
[BlackElo "2123"]
[PlyCount "45"]
[EventDate "2004.08.02"]
[EventType "tourn (corr)"]
[EventRounds "12"]
[SourceTitle "Corr 2008"]
[Source "ChessBase"]
[SourceDate "2008.06.24"]
[SourceVersion "1"]
[SourceVersionDate "2008.06.24"]
[SourceQuality "1"]

1. e4 c5 2. Nf3 d6 3. d4 cxd4 4. Nxd4 Nf6 5. Nc3 a6 6. Be3 Ng4 7. Bg5 h6 8. Bh4 g5 9. Bg3 Bg7 10. h3 Ne5 11. Nf5 Bxf5 12. exf5 Nbc6 13. Nd5 0-0 14. c3 e6 15. fxe6 fxe6 16. Ne3 d5 17. Be2 d4 18. cxd4 Qa5+ 19. Kf1 Rad8 20. h4 Nxd4 21. Qe1 Qxe1+ 22. Rxe1 Nxe2 23. Bxe5 1/2-1/2

[Event "CFriend SH-2004-0-00023 email"]
[Site "Chessfriend.com"]
[Date "2004.08.02"]
[Round "1"]
[White "Lopez, Antonio"]
[Black "Gertners, Gunars"]
[Result "1/2-1/2"]
[WhiteElo "2123"]
[BlackElo "2134"]
[PlyCount "61"]
[EventDate "2004.08.02"]
[EventType "tourn (corr)"]
[EventRounds "12"]
[SourceTitle "Corr 2008"]
[Source "ChessBase"]
[SourceDate "2008.06.24"]
[SourceVersion "1"]
[SourceVersionDate "2008.06.24"]
[SourceQuality "1"]

1. e4 c5 2. Nf3 d6 3. d4 cxd4 4. Nxd4 Nf6 5. Nc3 a6 6. Be3 e5 7. Nb3 Be6 8. f3 Be7 9. Qd2 0-0 10. 0-0-0 Nbd7 11. g4 b5 12. g5 b4 13. gxf6 bxc3 14. Qxc3 Nxf6 15. Rg1 Qc8 16. Qxc8 Rfxc8 17. Kb1 a5 18. Bg5 a4 19. Nc1 Rc6 20. a3 Rb6 21. Na2 Rc8 22. Nb4 Kh8 23. Be3 Rbb8 24. Ba6 Rc7 25. c4 Bd7 26. Rc1 h6 27. h4 Kh7 28. Rc3 g6 29. Kc2 Kg7 30. Bf2 Kf8 31. Rd1 1/2-1/2